000 nam a22 7a 4500
999 _c10899
_d10899
008 180308b ||||| |||| 00| 0 eng d
100 _aManglik,M.
_96711
245 _aGoyals Open text material with analysis Geography-XI
260 _aNew Delhi
_bGoyal
_c2013